[Event "IND Challenger (Women)"]
[Site "Nagpur"]
[Date "2009.09.08"]
[Round "2"]
[White "Bhakti, Kulkarni"]
[Black "Sithalatchumi, A."]
[Result "1-0"]
[WhiteElo "2188"]
[BlackElo "1910"]
[PlyCount "61"]
[EventDate "2009.09.07"]
[EventType "swiss"]
[EventRounds "11"]
[EventCountry "IND"]
[SourceTitle "CBM 132 Extra"]
[Source "ChessBase"]
[SourceDate "2009.11.03"]
[SourceVersion "1"]
[SourceVersionDate "2009.11.03"]
[SourceQuality "1"]

1. d4 d5 2. Nf3 Nf6 3. c4 e6 4. g3 c6 5. Qc2 Bd6 6. Bg2 0-0 7. 0-0 Nbd7 8. b3 e5 9. dxe5 Nxe5 10. Bb2 Qe7 11. Nbd2 Re8 12. Rfe1 Neg4 13. cxd5 cxd5 14. e3 Ne4 15. Nxe4 dxe4 16. Nd4 Bd7 17. Qe2 Rac8 18. h3 Nh6 19. Nb5 Bb8 20. Red1 a6 21. Nc3 f5 22. Nd5 Qe6 23. Qh5 Be5 24. Bxe5 Qxe5 25. Nb6 Rcd8 26. Nxd7 Rxd7 27. Rxd7 Qxa1+ 28. Bf1 Rb8 29. Rxb7 Rd8 30. Kg2 Qxa2 31. Bc4+ 1-0

[Event "IND-chB (Women) 35th"]
[Site "Calicut"]
[Date "2008.06.12"]
[Round "9"]
[White "Syed, Nabeela Farheen"]
[Black "Sithalatchumi, A."]
[Result "0-1"]
[WhiteElo "2082"]
[BlackElo "1931"]
[PlyCount "90"]
[EventDate "2008.06.06"]
[EventType "swiss"]
[EventRounds "11"]
[EventCountry "IND"]
[SourceTitle "CBM 124 Extra"]
[Source "ChessBase"]
[SourceDate "2008.07.03"]
[SourceVersion "1"]
[SourceVersionDate "2008.07.03"]
[SourceQuality "1"]

1. Nf3 d5 2. g3 Nf6 3. Bg2 Bf5 4. d3 Qc8 5. c4 dxc4 6. Qa4+ c6 7. Qxc4 Be6 8. Qa4 h6 9. Nc3 Nbd7 10. 0-0 g6 11. Bd2 Bg7 12. Qc2 Nb6 13. Rac1 Bh3 14. Na4 Bxg2 15. Kxg2 Nxa4 16. Qxa4 Nd5 17. e4 Nb6 18. Qa3 Qd7 19. Be3 0-0 20. Rfd1 Rfd8 21. Qb3 Qe6 22. Qxe6 fxe6 23. b3 e5 24. Bc5 Kf7 25. Bxb6 axb6 26. a4 h5 27. Kf1 Kf6 28. h4 Ra5 29. Ke2 Rda8 30. d4 exd4 31. Rxd4 b5 32. Rc5 bxa4 33. Rxa5 Rxa5 34. bxa4 Ke6 35. Ng5+ Rxg5 36. Rb4 Ra5 37. f4 b5 38. axb5 cxb5 39. Kf3 Bc3 40. Rb3 b4 41. g4 hxg4+ 42. Kxg4 Ra3 43. f5+ gxf5+ 44. exf5+ Kf7 45. Rb1 b3 0-1

[Event "IND-chB (Women) 34th"]
[Site "Hyderabad"]
[Date "2007.05.21"]
[Round "?"]
[White "Dave, Dhyani"]
[Black "Sithalatchumi, A."]
[Result "1-0"]
[WhiteElo "1985"]
[BlackElo "1916"]
[PlyCount "72"]
[EventDate "2007.05.21"]
[EventType "swiss"]
[EventRounds "11"]
[EventCountry "IND"]
[SourceTitle "EXT 2010"]
[Source "ChessBase"]
[SourceDate "2010.11.25"]
[SourceVersion "1"]
[SourceVersionDate "2010.11.25"]
[SourceQuality "1"]

1. e4 e6 2. Qe2 c5 3. Nf3 Nc6 4. g3 Be7 5. Bg2 d5 6. d3 Nf6 7. 0-0 0-0 8. c3 b6 9. e5 Ne8 10. h4 f6 11. Bf4 f5 12. Nbd2 Nc7 13. Kh2 b5 14. Rh1 c4 15. d4 b4 16. Ng5 h6 17. Nh3 bxc3 18. bxc3 Ba6 19. Kg1 Nb5 20. Qe3 Qa5 21. Nb1 Kf7 22. a4 Nc7 23. Qe2 Ke8 24. h5 Kd7 25. Bc1 Rab8 26. Nf4 Bg5 27. Kh2 Rb3 28. Ng6 Rf7 29. Bxg5 hxg5 30. Qd2 g4 31. Qg5 Ne7 32. Nh8 Rf8 33. Qxg7 Rg8 34. Qh6 Ne8 35. Ng6 Rg7 36. Nf8+ Kc8 1-0

[Event "IND-chB (Women) 34th"]
[Site "Hyderabad"]
[Date "2007.05.21"]
[Round "?"]
[White "Sithalatchumi, A."]
[Black "Mohanty, Kiran Monisha"]
[Result "1-0"]
[WhiteElo "1916"]
[BlackElo "2222"]
[PlyCount "103"]
[EventDate "2007.05.21"]
[EventType "swiss"]
[EventRounds "11"]
[EventCountry "IND"]
[SourceTitle "EXT 2010"]
[Source "ChessBase"]
[SourceDate "2010.11.25"]
[SourceVersion "1"]
[SourceVersionDate "2010.11.25"]
[SourceQuality "1"]

1. d4 d5 2. Nf3 Nf6 3. c4 e6 4. Nc3 Nbd7 5. Bg5 c6 6. cxd5 exd5 7. e3 Be7 8. Bd3 0-0 9. Qc2 Re8 10. 0-0 h6 11. Bh4 Ne4 12. Bxe7 Qxe7 13. Rab1 Nf8 14. Ne5 f6 15. Nf3 Bf5 16. Rbe1 Rad8 17. Nd2 Nxd2 18. Qxd2 Qd7 19. Qc2 Bxd3 20. Qxd3 Ne6 21. b4 Ng5 22. Na4 Qg4 23. Qe2 Qxe2 24. Rxe2 Ne6 25. Rc2 f5 26. f4 Re7 27. Nb2 Nc7 28. Rf3 Rde8 29. Kf2 Nb5 30. Nd3 Na3 31. Re2 Nc4 32. Ne5 Nd6 33. Rc2 Ne4+ 34. Ke2 Re6 35. Rf1 Nd6 36. a4 Nc4 37. Kd3 a6 38. a5 Nd6 39. h3 Kf8 40. g4 Ke7 41. Rg1 Kd8 42. Rcg2 Kc7 43. h4 b6 44. Rc1 bxa5 45. Rxc6+ Kb7 46. bxa5 fxg4 47. Rxg4 Nf5 48. Rc5 Rd6 49. Rg1 Ka8 50. Rc7 Rb8 51. Nc6 Rb3+ 52. Kc2 1-0